The hobbit, or, There and back again, (Record no. 4031)
[ view plain ]
| 000 -LEADER | |
|---|---|
| fixed length control field | 00956cam a22003131 4500 |
| 001 - CONTROL NUMBER | |
| control field | 6070519 |
| 003 - CONTROL NUMBER IDENTIFIER | |
| control field | Nust |
| 005 - DATE AND TIME OF LATEST TRANSACTION | |
| control field | 20170105101618.0 |
| 008 - FIXED-LENGTH DATA ELEMENTS--GENERAL INFORMATION | |
| fixed length control field | 751126s1938 mauaf j 000 1 eng |
| 010 ## - LIBRARY OF CONGRESS CONTROL NUMBER | |
| LC control number | 38005859 |
| 020 ## - INTERNATIONAL STANDARD BOOK NUMBER | |
| International Standard Book Number | 0618002219 (pbk) |
| 035 ## - SYSTEM CONTROL NUMBER | |
| System control number | (OCoLC)ocm00303209 |
| 035 ## - SYSTEM CONTROL NUMBER | |
| System control number | (NNC)6070519 |
| 035 ## - SYSTEM CONTROL NUMBER | |
| System control number | (OCoLC)303209 |
| 040 ## - CATALOGING SOURCE | |
| Original cataloging agency | DLC |
| Transcribing agency | WRJ |
| Modifying agency | DLC |
| -- | BTCTA |
| -- | ZCU |
| 050 00 - LIBRARY OF CONGRESS CALL NUMBER | |
| Classification number | PZ8.T52 |
| Item number | Ho2 |
| 082 ## - DEWEY DECIMAL CLASSIFICATION NUMBER | |
| Classification number | 824 |
| Author Mark | TOL |
| 100 1# - MAIN ENTRY--PERSONAL NAME | |
| Personal name | Tolkien, J. R. R. |
| Fuller form of name | (John Ronald Reuel), |
| Dates associated with a name | 1892-1973. |
| 240 10 - UNIFORM TITLE | |
| Uniform title | Hobbit |
| 245 14 - TITLE STATEMENT | |
| Title | The hobbit, or, There and back again, |
| Statement of responsibility, etc. | by J. R. R. Tolkien. Illus. by the author. |
| 260 ## - PUBLICATION, DISTRIBUTION, ETC. | |
| Place of publication, distribution, etc. | Boston, |
| Name of publisher, distributor, etc. | Houghton Mifflin, |
| Date of publication, distribution, etc. | 1938. |
| 300 ## - PHYSICAL DESCRIPTION | |
| Extent | 271 p. |
| Other physical details | col. front., illus., plates (part col.) |
| Dimensions | 21 cm. |
| 500 ## - GENERAL NOTE | |
| General note | Illustrated lining-papers. |
| 600 10 - SUBJECT ADDED ENTRY--PERSONAL NAME | |
| Personal name | Baggins, Bilbo |
| Form subdivision | Fiction. |
| 650 #0 - SUBJECT ADDED ENTRY--TOPICAL TERM | |
| Topical term or geographic name entry element | Middle Earth (Imaginary place) |
| Form subdivision | Fiction. |
| 655 #0 - INDEX TERM--GENRE/FORM | |
| Genre/form data or focus term | Fantasy fiction. |
| 942 ## - ADDED ENTRY ELEMENTS (KOHA) | |
| Source of classification or shelving scheme | |
| Koha item type | Book |
| Withdrawn status | Lost status | Source of classification or shelving scheme | Damaged status | Not for loan | Permanent Location | Current Location | Shelving location | Date acquired | Total Checkouts | Total Renewals | Full call number | Barcode | Date last seen | Date last checked out | Copy number | Price effective from | Koha item type |
|---|---|---|---|---|---|---|---|---|---|---|---|---|---|---|---|---|---|
| Central Library (CL) | Central Library (CL) | Fiction | 12/09/2016 | 5 | 4 | 824 TOL | CL1055 | 01/26/2026 | 10/07/2025 | 1 | 12/09/2016 | Book |
